00723nam a22001937a 4500999001900000005001700019010001500036020001100051035001400062037001300076082001200089100002300101245006800124260005500192270010600247300002800353942002600381952012200407 c194968d19496820230317152222.0 aENG-136116 c150.00 aEN-119648 bDBAD/PUB a270.197 aMaududi, Abul A'la aPurdah and the Status of Woman In Islam /cBy Abul A'la Maududi aNew DelhibMarkazi Maktaba Islami Publishersc2013 aD-307, Dawat Nagar, Abul Fazi Enclave, Jamia Nagar, OkhlabNew Delhie110025mmmipublishers@gmail.com a293p.bIndexc23cm(hbk) 2ddccENh270.197mMAU 001040708NFICaKVbKVd2023-02-03eDBAD/PUBg150.00l0o270.197 MAUpEN-119648r2023-02-03 00:00:00t1v150.00yEN